00426nam a22001697a 4500999001900000005001700019010001300036020001100049035001300060037002300073082001200096100001400108245004300122260004000165300002500205942002600230 c158138d15813820181017161512.0 aB-158688 c695.00 aB-158688 bA.P.H. publishing  a370.954 aRao, V.K. aManagement of education/ cby V.K. Rao aNew DelhibA.P.H. publishing c2005 a258 p.c22 c.m. (Hb) 2ddccENh370.954mRAO